| 000 | 00000nam##2200000za#4500 |
| 001 | 9.577178 |
| 003 | CaOODSP |
| 005 | 20210624185505 |
| 007 | cr ||||||||||| |
| 008 | 150406|1993||||xxc|||||o f|0| 0 eng|d |
| 040 | |aCaOODSP|beng |
| 043 | |an-cn--- |
| 086 | 1 |aFs97-13/917E-PDF |
| 110 | 1 |aCanada. |bDepartment of Fisheries and Oceans. |
| 245 | 10|aFish distribution within a tidal freshwater marsh in the Lower Fraser River / |h[electronic resource]|cby T.R. Whitehouse ... [et al.] |
| 260 | |aWest Vancouver - British Columbia : |bFisheries and Oceans Canada |c1993. |
| 300 | |a58p.|bfigs., references, tables |
| 490 | 1 |aCanadian data report of fisheries and aquatic sciences|vNo. 917 |
| 500 | |aOn t.p.: Biological Sciences Branch, West Vancouver Laboratory, West Vancouver, BC. Catalogue number and ISSN of the print edition appear in the PDF version. |
| 546 | |a(Résumé en français) |
| 590 | |a13-20-Supp|b2013-08-30 |
| 720 | 1 |aWhitehouse, T. R. |
| 830 | #0|aCanadian data report of fisheries and aquatic sciences ;|vNo. 917|w(CaOODSP)9.505124 |
| 856 | 40|ahttp://publications.gc.ca|qPDF|s630 KB|uhttps://publications.gc.ca/collections/collection_2013/mpo-dfo/Fs97-13-917-eng.pdf|yNo. 917 |